Ewige Tabelle der Serie A - Statistiken

Allgemein
  • Dieses Quiz wurde 293 mal gespielt
  • Das Durchschnittsergebnis liegt bei 28 aus 68
Antwortstatistiken
Platz Verein Punkte % Korrekt
2 Inter Mailand 5709
99%
1 Juventus Turin 6023
99%
3 AC Mailand 5442
98%
4 AS Rom 4924
98%
7 Lazio Rom 4092
95%
6 SSC Neapel 4126
94%
5 AC Florenz 4358
89%
11 Atalanta Bergamo 2860
84%
12 FC Genua 1893 2421
81%
8 FC Turin 3889
81%
16 Hellas Verona 1270
76%
17 US Palermo 1198
75%
38 FC Venedig 445
73%
13 Udinese Calcio 2309
73%
29 Como Calcio 544
71%
9 FC Bologna 3689
71%
15 Parma Calcio 1913 1390
71%
22 AC Chievo Verona 743
70%
10 Sampdoria Genua 3036
68%
48 Pisa Calcio 216
66%
19 FC Bari 1908 1062
65%
31 US Sassuolo Calcio 537
64%
14 Cagliari Calcio 1809
62%
56 SS Monza 1912 115
52%
27 US Lecce 655
52%
21 Brescia Calcio 807
43%
26 Catania Calcio 669
42%
24 AS Livorno Calcio 699
39%
34 FC Modena 515
37%
45 US Cremonese 250
37%
28 FC Empoli 634
34%
33 AC Perugia 518
32%
54 Delfino Pescara 1936 168
32%
57 Spezia Calcio 106
32%
51 US Salernitana 175
32%
53 FC Messina 171
30%
63 Benevento Calcio 54
26%
41 AC Siena 349
25%
66 Ancona Calcio 38
22%
25 Padova Calcio 676
22%
23 SPAL Ferrara 721
22%
18 Vicenza Calcio 1188
20%
49 US Catanzaro 202
19%
46 AC Mantova 232
18%
40 AC Cesena 399
17%
58 FC Crotone 92
17%
39 Foggia Calcio 405
17%
30 Reggina 1914 543
17%
61 AC Reggiana 78
16%
32 Ascoli Calcio 1898 521
16%
59 Frosinone Calcio 91
16%
44 Piacenza Calcio 283
16%
42 AS Avellino 348
15%
65 FC Carpi 38
14%
36 Novara Calcio 506
14%
20 US Triestina 1027
14%
47 Pro Vercelli 219
13%
60 AC Lecco 88
11%
50 AS Varese 191
11%
68 FBC Treviso 22
11%
64 Ternana Calcio 42
11%
35 Alessandria Calcio 513
9%
43 Lucchese Libertas 324
8%
37 Pro Patria 456
8%
62 AC Legnano 77
6%
55 Casale FBC 123
6%
67 AC Pistoiese 22
4%
52 Endas Calcio Liguria 171
4%
Keine übereinstimmenden Quizze gefunden
Verteilung der Resultate
Anzahl Personen mit jedem Resultat
Perzentil nach korrekt beantworteten Fragen
Ihre Resultats-Entwicklung
Sie haben dieses Quiz noch nicht gespielt